Szlovenszkó tűzoltóságának gyakorlati szabályzata (az eredeti szlovák szöveg fordítása)

Bibliographic Details
Other Authors: Voldán, Belo, 1877-1961 (Author of introduction, etc.)
Format: Book
Language:Hungarian
Slovak
PhysicalDescription:472 s. 12°
Published: Turčiansky Sv. Martin Tűzoltók kereskedelmi szövetkezete 1938
Series:Szlovenszkó tűzoltóságának szolgálati könyvei
Subjects:

MARC

LEADER 00000cam a2200000 a 4500
001 vtls008400217
003 SK-MaSNL
005 20260426011804.0
008 250313s1938 xo 000 0 hun
015 |a SNBA19191938-006458 
035 |a SK01SNKBIKKM20010092434 
035 |a urn:nbn:sk:snk-am3ibjc 
035 |a urn:nbn:sk:snk-am00e106 
035 |a D3B606F3-EA6F-4F47-AC8C-AEC7D612D163 
035 |a SKM000094897 
040 |a SNK  |b slo  |c SNK  |e AACR2 
041 1 |a hun  |h slo 
044 |a xo  |c SK 
080 |a 614.842.8  |2 1981 
245 1 0 |a Szlovenszkó tűzoltóságának gyakorlati szabályzata  |b (az eredeti szlovák szöveg fordítása) 
260 |a Turčiansky Sv. Martin  |b Tűzoltók kereskedelmi szövetkezete  |c 1938  |e Turčiansky Sv. Martin  |f Nová kníhtlačiareň 
300 |a 472 s.  |c 12° 
490 1 |a Szlovenszkó tűzoltóságának szolgálati könyvei 
500 |a Úvod: Voldán Béla 
650 0 7 |a požiarnictvo  |2 SNKPH  |9 1502 
650 0 7 |a hasiči  |2 SNKPH  |9 1505 
651 7 |a Slovensko  |2 SNKPHgeo  |9 14231 
655 7 |a vyhlášky  |2 SNKPH  |9 70671 
655 7 |a štatúty  |2 SNKPH  |9 63377 
700 1 |a Voldán, Belo,  |d 1877-1961  |4 aui  |9 197780 
830 0 |a Szlovenszkó tűzoltóságának szolgálati könyvei  |9 693741 
852 |a Slovenská národná knižnica 
954 |a odborná, vedecká literatúra pôvodná (slovenská)  |2 lita 
958 |a OND 
958 |a RK 
958 |a TL 
999 |c 1080165  |d 1082095 
952 |a SNK  |b SNK  |y PREZ  |7 0  |p 17A0895282  |o snkSD 4267  |i snk918/38  |0 0  |1 0  |4 0  |d 2018-02-26  |f 1  |l 0  |r 2025-11-10 00:00:00  |w 2026-02-24